|
|
|
|
| LEADER |
00000nam0a2200000 4500 |
| 001 |
132901 |
| 005 |
20231031135137.0 |
| 010 |
|
|
|a 5229009144
|
| 020 |
|
|
|a RU
|b 91-56553
|
| 035 |
|
|
|a (RuTPU)RU\TPU\book\143914
|
| 090 |
|
|
|a 132901
|
| 100 |
|
|
|a 20080310d1991 m a0rusy5003 ca
|
| 101 |
0 |
|
|a rus
|
| 102 |
|
|
|a RU
|
| 105 |
|
|
|a a z 000zy
|
| 200 |
1 |
|
|a Стеклообразные полупроводниковые сплавы
|f В. С. Минаев
|
| 210 |
|
|
|a Москва
|c Металлургия
|d 1991
|
| 215 |
|
|
|a 405 с.
|c ил.
|
| 320 |
|
|
|a Библиогр.: с. 374-406.
|
| 320 |
|
|
|a Библиогр.: с. 374-406.
|
| 610 |
1 |
|
|a полупроводники
|
| 610 |
1 |
|
|a сплавы
|
| 610 |
1 |
|
|a стеклообразование
|
| 675 |
|
|
|a 669.018:53
|v 3
|
| 700 |
|
1 |
|a Минаев
|b В. С.
|g Виктор Семенович
|
| 801 |
|
0 |
|a RU
|b RuMRKP
|c 19950417
|g psbo
|
| 801 |
|
1 |
|a RU
|b 63413507
|c 20080310
|g PSBO
|
| 801 |
|
2 |
|a RU
|b 63413507
|c 20090428
|g PSBO
|
| 942 |
|
|
|c BK
|